[Event "IECG TG.2004.0.15185"]
[Site "IECG email"]
[Date "2004.05.29"]
[Round "2"]
[White "Reznichenko, Alexandr"]
[Black "Epelboim, Matias"]
[Result "0-1"]
[WhiteElo "1000"]
[BlackElo "1000"]
[PlyCount "36"]
[EventDate "2004.05.29"]
[EventType "match (corr)"]
[EventRounds "2"]
[SourceTitle "Corr 2008"]
[Source "ChessBase"]
[SourceDate "2008.06.24"]
[SourceVersion "1"]
[SourceVersionDate "2008.06.24"]
[SourceQuality "1"]

1. c4 Nf6 2. Nc3 g6 3. d4 Bg7 4. e4 d6 5. f4 0-0 6. d5 e6 7. Bd3 c6 8. Nge2 exd5 9. cxd5 cxd5 10. exd5 Qb6 11. Qb3 Nbd7 12. Qxb6 Nxb6 13. 0-0 Nfxd5 14. Nxd5 Nxd5 15. Rd1 Nb4 16. Be4 Bg4 17. Bf3 Bxf3 18. gxf3 Rfe8 0-1